Dead shot (Record no. 189331)
[ view plain ]
| 000 -LEADER | |
|---|---|
| fixed length control field | 01402cam a2200421 a 4500 |
| 001 - CONTROL NUMBER | |
| control field | 223167 |
| 003 - CONTROL NUMBER IDENTIFIER | |
| control field | DCL |
| 005 - DATE AND TIME OF LATEST TRANSACTION | |
| control field | 20241220160819.0 |
| 008 - FIXED-LENGTH DATA ELEMENTS--GENERAL INFORMATION | |
| fixed length control field | 130808s2013 meu d 000 1 eng |
| 010 ## - LIBRARY OF CONGRESS CONTROL NUMBER | |
| LC control number | 2013030055 |
| 020 ## - INTERNATIONAL STANDARD BOOK NUMBER | |
| International Standard Book Number | 9781410463647 (softcover) |
| 020 ## - INTERNATIONAL STANDARD BOOK NUMBER | |
| International Standard Book Number | 1410463648 (softcover) |
| 035 ## - SYSTEM CONTROL NUMBER | |
| System control number | (IMchF)fol14922094 |
| 040 ## - CATALOGING SOURCE | |
| Original cataloging agency | DLC |
| Language of cataloging | eng |
| Transcribing agency | DLC |
| Description conventions | rda |
| 042 ## - AUTHENTICATION CODE | |
| Authentication code | pcc |
| 050 10 - LIBRARY OF CONGRESS CALL NUMBER | |
| Classification number | PS3560.O415 |
| Item number | L86 2013 |
| 082 00 - DEWEY DECIMAL CLASSIFICATION NUMBER | |
| Classification number | 813/.54 |
| Edition number | 23 |
| 092 ## - LOCALLY ASSIGNED DEWEY CALL NUMBER (OCLC) | |
| Classification number | JOHNSTONE |
| 100 1# - MAIN ENTRY--PERSONAL NAME | |
| Personal name | Johnstone, William W. |
| 9 (RLIN) | 28423 |
| 245 10 - TITLE STATEMENT | |
| Title | Dead shot |
| Medium | [large print] / |
| Statement of responsibility, etc | William W. Johnstone with J. A. Johnstone. |
| 246 ## - VARYING FORM OF TITLE | |
| Remainder of title | Luke Jensen, bounty hunter |
| 246 ## - VARYING FORM OF TITLE | |
| Remainder of title | Luke Jensen |
| 246 ## - VARYING FORM OF TITLE | |
| Remainder of title | Luke Jensen, bounty hunter book two |
| 246 ## - VARYING FORM OF TITLE | |
| Remainder of title | Luke Jensen, bounty hunter book 2 |
| 250 ## - EDITION STATEMENT | |
| Edition statement | Large Print ed. |
| 260 ## - PUBLICATION, DISTRIBUTION, ETC. (IMPRINT) | |
| Place of publication, distribution, etc | Waterville, Me.. : |
| Name of publisher, distributor, etc | Wheeler Pub., A part of Gale, Cengage Learning, |
| Date of publication, distribution, etc | 2013. |
| 264 ## - Production, Publication, Distribution, Manufacture, and Copyright Notice. | |
| Place of production, publication, distribution, manufacture | Waterville, Me.. : |
| Name of producer, publisher, distributor, manufacturer | Wheeler Pub., A part of Gale, Cengage Learning, |
| Date of production, publication, distribution, manufacture, or copyr | 2013. |
| 300 ## - PHYSICAL DESCRIPTION | |
| Extent | 361 p. ; |
| Dimensions | 22 cm. |
| 336 ## - Content Type | |
| Content type term | text |
| 337 ## - Media type | |
| Media type term | unmediated |
| 338 ## - Carrier type | |
| Carrier type term | volume |
| 440 ## - SERIES STATEMENT/ADDED ENTRY--TITLE | |
| Title | Luke Jensen, bounty hunter |
| Volume number/sequential designation | book 2 |
| 9 (RLIN) | 6409717 |
| 650 #0 - SUBJECT ADDED ENTRY--TOPICAL TERM | |
| Topical term or geographic name as entry element | Bounty hunters |
| Form subdivision | Fiction. |
| 9 (RLIN) | 5673791 |
| 650 #0 - SUBJECT ADDED ENTRY--TOPICAL TERM | |
| Topical term or geographic name as entry element | Large type books. |
| 9 (RLIN) | 86775 |
| 655 #7 - INDEX TERM--GENRE/FORM | |
| Genre/form data or focus term | Western stories. |
| Source of term | gsafd |
| 9 (RLIN) | 102778 |
| 700 1# - ADDED ENTRY--PERSONAL NAME | |
| Personal name | Johnstone, J. A. |
| 9 (RLIN) | 55652 |
| 942 ## - ADDED ENTRY ELEMENTS (KOHA) | |
| Koha item type | BOOK |
| Source of classification or shelving scheme | Dewey Decimal Classification |
| Withdrawn status | Lost status | Source of classification or shelving scheme | Damaged status | Not for loan | Collection code | Home library | Current library | Shelving location | Date acquired | Source of acquisition | Cost, normal purchase price | Total Checkouts | Full call number | Barcode | Date last seen | Date checked out | Cost, replacement price | Price effective from | Koha item type |
|---|---|---|---|---|---|---|---|---|---|---|---|---|---|---|---|---|---|---|---|
| Dewey Decimal Classification | Large Print | Wasatch County Library | Wasatch County Library | First Floor | 01/30/2014 | Gale | 25.00 | 26 | F LP Johnstone | 34301001171752 | 08/05/2024 | 07/26/2024 | 25.00 | 03/20/2020 | BOOK |
